MARC details
| 000 -LEADER |
| fixed length control field |
02101cab a22003375a 4500 |
| 001 - CONTROL NUMBER |
| control field |
L146612 |
| 008 - FIXED-LENGTH DATA ELEMENTS--GENERAL INFORMATION |
| fixed length control field |
090209s2009 xxk f g 000 0 eng d |
| 035 ## - SYSTEM CONTROL NUMBER |
| System control number |
(Sirsi) u146612 |
| 041 0# - LANGUAGE CODE |
| Language code of text/sound track or separate title |
eng |
| 100 1# - MAIN ENTRY--PERSONAL NAME |
| Personal name |
Aves, Michael |
| 245 04 - TITLE STATEMENT |
| Title |
The green belt |
| Remainder of title |
aspects of development control |
| 260 ## - PUBLICATION, DISTRIBUTION, ETC. |
| Date of publication, distribution, etc. |
2009 |
| 490 ## - SERIES STATEMENT |
| Series statement |
Journal of Planning and Environment Law |
| Volume/sequential designation |
(2), 146-160(15) |
| 520 ## - SUMMARY, ETC. |
| Summary, etc. |
Article discusses planning control in green belt areas and looks at planning policy guidance, the recent legislative history and planning decisions in very special circumstances. Explores and provides examples of the five sequential questions to be asked when determining whether or not a planning application should be granted. The author explores some reasons that may or may not constitute special circumstances and provides further examples of cases where they have been employed. Closes by saying that any possible list of 'special circumstances' is by nature endless and that judges have a duty to judge cases qualitatively and to apply value judgements. |
| 590 ## - LOCAL NOTE (RLIN) |
| Local note |
KA |
| 650 24 - SUBJECT ADDED ENTRY--TOPICAL TERM |
| Topical term or geographic name entry element |
DONCASTER MBC V SOS ENVIRONMENT TRANSPORT AND THE REGIONS |
| 650 24 - SUBJECT ADDED ENTRY--TOPICAL TERM |
| Topical term or geographic name entry element |
KENMAL MANOR MEMORIAL GARDENS LTD V FIRST SECRETARY OF STATE & ANOR |
| 650 24 - SUBJECT ADDED ENTRY--TOPICAL TERM |
| Topical term or geographic name entry element |
PLANNING POLICY STATEMENT 7 (SUSTAINABLE DEVELOPMENT IN RURAL AREAS) |
| 650 24 - SUBJECT ADDED ENTRY--TOPICAL TERM |
| Topical term or geographic name entry element |
R (ON THE APPLICATION OF BASILDON DC) V FIRST SECRETARY OF STATE & TEMPLE |
| 650 24 - SUBJECT ADDED ENTRY--TOPICAL TERM |
| Topical term or geographic name entry element |
R (ON THE APPLICATION OF CHELMSFORD BC) V FIRST SECRETARY OF STATE |
| 650 24 - SUBJECT ADDED ENTRY--TOPICAL TERM |
| Topical term or geographic name entry element |
R (ON THE APPLICATION OF HEATH AND HAMPSTEAD SOCIETY) V VLACHOS & ANOR |
| 650 24 - SUBJECT ADDED ENTRY--TOPICAL TERM |
| Topical term or geographic name entry element |
R (ON THE APPLICATION OF SAMUEL SMITH OLD BREWERY (TADCASTER)) V SELBY DC) |
| 650 24 - SUBJECT ADDED ENTRY--TOPICAL TERM |
| Topical term or geographic name entry element |
TESCO STORES LTD V SOS ENVIRONMENT & ANOR |
| 650 24 - SUBJECT ADDED ENTRY--TOPICAL TERM |
| Topical term or geographic name entry element |
WYCHAVON DISTRICT COUNCIL V SOS COMMUNITIES AND LOCAL GOVERNMENT & ORS |
| 650 24 - SUBJECT ADDED ENTRY--TOPICAL TERM |
| Topical term or geographic name entry element |
BASILDON DC V SOS ENVIRONMENT |
| 650 24 - SUBJECT ADDED ENTRY--TOPICAL TERM |
| Topical term or geographic name entry element |
BRENTWOOD BC V SOS ENVIRONMENT AND GRAY |
| 650 24 - SUBJECT ADDED ENTRY--TOPICAL TERM |
| Topical term or geographic name entry element |
CHAPMAN V UNITED KINGDOM |
| 651 #4 - SUBJECT ADDED ENTRY--GEOGRAPHIC NAME |
| Geographic name |
England and Wales |
| Chronological subdivision |
1543- |
| 690 ## - LOCAL SUBJECT ADDED ENTRY--TOPICAL TERM (OCLC, RLIN) |
| Topical term or geographic name as entry element |
ENVIRONMENTAL AND LAND CONSULTANCY-PLANNING AND DEVELOPMENT-DEVELOPMENT CONTROL |
| 942 ## - ADDED ENTRY ELEMENTS (KOHA) |
| Suppress in OPAC |
0 |